Postepowanie nabywcóm towaróm konsumpcyjnych w krajach o gospodarce rynkow Analiza Marketingowa

Gespeichert in:
Bibliographische Detailangaben
1. Verfasser: Duliniec, Elzbieta
Format: Buch
Sprache:Polnisch
Veröffentlicht: Warszawa Szkola Glówna planowania i statystyki 1986
Ausgabe:1. wyd.
Tags: Tag hinzufügen
Keine Tags, Fügen Sie das erste Tag hinzu!

MARC

LEADER 00000nam a2200000 4500
001 c037751
005 20221220072341.0
041 0 |a pol 
044 |a PL 
245 1 0 |a Postepowanie nabywcóm towaróm konsumpcyjnych w krajach o gospodarce rynkow  |b Analiza Marketingowa  |c Elzbieta Duliniec 
250 |a 1. wyd. 
264 1 |a Warszawa  |b Szkola Glówna planowania i statystyki  |c 1986 
300 |a 315 s. 
100 1 |a Duliniec, Elzbieta